Telecommunications and the computer
Zapisane w:
| 1. autor: | |
|---|---|
| Format: | Książka |
| Język: | Undetermined |
| Wydane: |
Englewood Cliffs, N.J
Prentice-Hall
1969
|
| Hasła przedmiotowe: | |
| Etykiety: |
Dodaj etykietę
Nie ma etykietki, Dołącz pierwszą etykiete!
|
| Thư viện lưu trữ: | Trung tâm Học liệu Trường Đại học Cần Thơ |
|---|
| LEADER | 00519nam a2200181Ia 4500 | ||
|---|---|---|---|
| 001 | CTU_84082 | ||
| 008 | 210402s9999 xx 000 0 und d | ||
| 082 | |a 621.38 | ||
| 082 | |b M379 | ||
| 100 | |a Martin, James | ||
| 245 | 0 | |a Telecommunications and the computer | |
| 245 | 0 | |c James Martin | |
| 260 | |a Englewood Cliffs, N.J | ||
| 260 | |b Prentice-Hall | ||
| 260 | |c 1969 | ||
| 650 | |a Data transmission systems,Telecommunication | ||
| 904 | |i Qhieu(sửa) | ||
| 980 | |a Trung tâm Học liệu Trường Đại học Cần Thơ | ||